Word Laddyrinth V Quiz Stats

 Plays Quiz Updated Jun 11, 2018

Score 0/192 Timer 07:00
0 Plays Today
% Correct
soared like an eagle
99.2%
FINISH
98.4%
move smoothly
94.9%
a defect
94.8%
FLEW
94.7%
0~O~0~O~0~O~0
93.5%
0~O~0~O~0~O~0
93.5%
level
91.1%
FLAW
90.9%
decelerate
87.1%
0~O~0~O~0~O~0
86.9%
0~O~0~O~0~O~0
86.9%
FLOW
86.7%
0~O~0~O~0~O~0
85.2%
0~O~0~O~0~O~0
85.2%
demonstrate
85.2%
luminescence
85.1%
SLOW
85.1%
boutique
84.7%
SHOW
84.5%
0~O~0~O~0~O~0
81.3%
0~O~0~O~0~O~0
81.3%
naval vessel
81.3%
SHOP
81%
0~O~0~O~0~O~0
80.8%
0~O~0~O~0~O~0
80.8%
lose footing
79.8%
0~O~0~O~0~O~0
79.8%
0~O~0~O~0~O~0
79.8%
fragment
79.8%
SHIP
79.7%
accomplishment
79.5%
0~O~0~O~0~O~0
79.4%
0~O~0~O~0~O~0
79.4%
FLAT
79.3%
0~O~0~O~0~O~0
76.6%
0~O~0~O~0~O~0
76.6%
smack
76.2%
SLIP
76.1%
0~O~0~O~0~O~0
74.7%
0~O~0~O~0~O~0
74.7%
0~O~0~O~0~O~0
72.9%
0~O~0~O~0~O~0
72.9%
alarm
72.6%
GLOW
72.6%
FEAT
72.1%
0~O~0~O~0~O~0
71.9%
0~O~0~O~0~O~0
71.9%
facial feature
71.2%
detergent
70.9%
SLAP
70.9%
CHIP
70.9%
metallic money
70.3%
0~O~0~O~0~O~0
70.3%
0~O~0~O~0~O~0
70.3%
skinny
70.1%
CHIN
70.1%
loop
69.3%
COIN
69%
SOAP
64.9%
perceive aurally
63.8%
0~O~0~O~0~O~0
63%
0~O~0~O~0~O~0
63%
FEAR
63%
% Correct
0~O~0~O~0~O~0
62.4%
0~O~0~O~0~O~0
62.4%
0~O~0~O~0~O~0
62.4%
0~O~0~O~0~O~0
62.4%
thwart
62.3%
ursine
62.2%
0~O~0~O~0~O~0
62.1%
0~O~0~O~0~O~0
62.1%
THIN
62.1%
a fossil fuel
62%
COIL
62%
chief
61.7%
HEAR
61.6%
COAL
58%
deceive
57.9%
FOIL
57.6%
lima or kidney
57.5%
high fiber food
57.3%
BEAR
57.3%
BEAN
57.1%
filthy
53.1%
FOOL
52%
0~O~0~O~0~O~0
48.5%
0~O~0~O~0~O~0
48.5%
Pb
48.4%
HEAD
48.4%
0~O~0~O~0~O~0
48.2%
0~O~0~O~0~O~0
48.2%
0~O~0~O~0~O~0
48%
0~O~0~O~0~O~0
48%
boast
47.2%
BRAN
47%
lug
46.9%
BRAG
46.7%
dull
45.6%
0~O~0~O~0~O~0
45.5%
0~O~0~O~0~O~0
45.5%
LEAD
45.2%
DRAG
45.1%
53 - 49
44.4%
FOUL
44.4%
0~O~0~O~0~O~0
44.2%
0~O~0~O~0~O~0
44.2%
FOUR
42.8%
grouch
42.7%
DRAB
42.1%
stuff
40.1%
0~O~0~O~0~O~0
40%
0~O~0~O~0~O~0
40%
a bivalve
39.1%
CRAB
38.7%
0~O~0~O~0~O~0
37.9%
0~O~0~O~0~O~0
37.9%
chair
37.6%
counterfeit
37.6%
0~O~0~O~0~O~0
37.6%
0~O~0~O~0~O~0
37.6%
0~O~0~O~0~O~0
37.2%
0~O~0~O~0~O~0
37.2%
police team
37.1%
squalorous area
37%
0~O~0~O~0~O~0
36.9%
0~O~0~O~0~O~0
36.9%
convalesce
36.7%
% Correct
warmth
36.7%
SLAM
36.5%
CRAM
36.4%
HEAT
36.2%
SEAT
36.1%
denomination
36.1%
close angrily
35.8%
moved through water
35.4%
CLAM
34.8%
stitching
34.7%
SWAT
34.6%
a hairstyle
34.4%
SWAM
34.2%
0~O~0~O~0~O~0
33.1%
0~O~0~O~0~O~0
33.1%
obstacle
32.9%
a gastropod
32.2%
0~O~0~O~0~O~0
32%
0~O~0~O~0~O~0
32%
SLUM
31.6%
prune, originally
31.6%
cozy
31.1%
SLUG
30.6%
SNUG
30.5%
SHAM
30.3%
fasten
29.6%
cinch
29.2%
SNAG
29.2%
ray of light
29.1%
SEAM
29.1%
BEAM
28.8%
hades
28.8%
HEAL
28.4%
SHAG
27.7%
spring
27.6%
PLUM
27.5%
HELL
27.4%
SNAP
25.1%
SEAL
23.9%
enthusiasm
23.9%
ZEAL
21.4%
0~O~0~O~0~O~0
20.2%
0~O~0~O~0~O~0
20.2%
fuse metal
19.9%
SECT
19.7%
WELL
19.7%
savage
19.5%
WELD
19.5%
0~O~0~O~0~O~0
19.2%
0~O~0~O~0~O~0
19.2%
tame
19%
WILD
18.8%
be bothered by
18.1%
MILD
17.8%
MIND
14.3%
locate
14.4%
unblemished
14.3%
FIND
14.1%
0~O~0~O~0~O~0
11.1%
0~O~0~O~0~O~0
11.1%
eighth of a gallon
11%
MINT
11%
YOU DID IT
11%
PINT
10.7%

You're not logged in!

Compare scores with friends on all Sporcle quizzes.
OR
Log In

You Might Also Like...

Show Comments

Extras

Top Quizzes Today


Score Distribution

Your Account Isn't Verified!

In order to create a playlist on Sporcle, you need to verify the email address you used during registration. Go to your Sporcle Settings to finish the process.

Report this User

Report this user for behavior that violates our Community Guidelines.

Details: